Mixed NFL Teams - Statistics

General Stats
  • This quiz has been taken 135 times
  • The average score is 23 of 32
Answer Stats
Team % Correct
Vikings
85%
Packers
84%
Cowboys
81%
Lions
81%
Jets
78%
Bears
76%
Eagles
76%
Browns
75%
Saints
75%
Washington
75%
Bills
73%
Broncos
73%
Rams
73%
Buccaneers
72%
Dolphins
72%
Colts
71%
Ravens
71%
Steelers
71%
Texans
71%
Chiefs
70%
Giants
70%
Patriots
70%
Seahawks
70%
49ers
68%
Falcons
68%
Panthers
68%
Titans
68%
Jaguars
67%
Chargers
66%
Bengals
65%
Raiders
65%
Cardinals
63%
No matching quizzes found
Score Distribution
Percent of People with Each Score
Percentile by Number Answered
Your Score History
You have not taken this quiz